000
00269nam a22001217a 4500
003
SGT
082
_a
823
_b
MEY
100
_a
MEYER STEPHENIE
245
_a
THE SHORT SECOND LIFE OF BREE TANNER
260
_a
U.K
_b
HACHETTE PUB
_c
2010
300
_a
178
942
_2
ddc
_c
BK
999
_c
33514
_d
33514